No Me Siento Igual - Rauw Alejandro, Joyce Santana - Estadísticas

Estadísticas generales
  • Esta prueba ha sido intentada 31 veces
  • La puntuación promedio es 121 de 460
Estadísticas de respuestas
Letra % Correcto
a
100%
A
100%
no
100%
No
100%
te
100%
Te
100%
amor
50%
con
50%
de
50%
Él
50%
el
50%
en
50%
eres
50%
igual
50%
La
50%
la
50%
me
50%
o
50%
por
50%
Por
50%
puedo
50%
que
50%
Que
50%
qué
50%
quiero
50%
si
50%
siento
50%
tal
50%
50%
tu
50%
50%
vez
50%
y
50%
Y
50%
ya
50%
Ya
50%
aceptan
0%
Ahora
0%
algo
0%
alguien
0%
algunos
0%
Algunos
0%
Almas
0%
ama
0%
aman
0%
amarme
0%
amás
0%
amistad
0%
aquí
0%
baby
0%
Baby
0%
basta
0%
brillar
0%
cabeza
0%
Casi
0%
caso
0%
comedia
0%
como
0%
compone
0%
conocerlo
0%
constante
0%
continuar
0%
contra
0%
conviene
0%
corriendo
0%
creo
0%
Creo
0%
cuando
0%
dándote
0%
deberías
0%
decidir
0%
decir
0%
del
0%
dentro
0%
desisten
0%
después
0%
digo
0%
Enfrentándome
0%
es
0%
esa
0%
escogen
0%
eso
0%
estaba
0%
estar
0%
Estaría
0%
esto
0%
estoy
0%
estrella
0%
felicidad
0%
final
0%
fluir
0%
fracaso
0%
fuera
0%
ganas
0%
gemelas
0%
gente
0%
hablemos
0%
hace
0%
hasta
0%
hay
0%
Hay
0%
hazme
0%
honesto
0%
hubiese
0%
iba
0%
ido
0%
importas
0%
importó
0%
intención
0%
intentar
0%
lastimarte
0%
le
0%
llorando
0%
Lo
0%
lo
0%
los
0%
lugar
0%
más
0%
mejor
0%
menos
0%
mes
0%
mi
0%
mierda
0%
mintiéndote
0%
mirándote
0%
mitad
0%
momento
0%
morir
0%
Mucho
0%
nada
0%
nadie
0%
otro
0%
para
0%
pare
0%
payaso
0%
pensar
0%
Perdóname
0%
Pero
0%
pero
0%
piensan
0%
porque
0%
primer
0%
princesa
0%
querer
0%
quiere
0%
quieren
0%
quieres
0%
Quisieras
0%
rato
0%
realidad
0%
recíproca
0%
reír?
0%
saberlo
0%
se
0%
seguir
0%
seguro
0%
ser
0%
serio
0%
siempre
0%
siendo
0%
Siendo
0%
Siéntate
0%
sincero
0%
Situaciones
0%
solo
0%
son
0%
soy
0%
su
0%
sueño
0%
sufrir
0%
tanta
0%
tener
0%
tengo
0%
Tengo
0%
terminan
0%
terminar
0%
ti
0%
tiempo
0%
to
0%
tratar
0%
triste
0%
tus
0%
un
0%
una
0%
uno
0%
Valientes
0%
verdad
0%
verlo
0%
vida
0%
viento
0%
viven
0%
Yeah
0%
Yo
0%
yo
0%
zapatos
0%
No se encontraron pruebas coincidentes
Distribución de puntuación
Porcentaje de gente con cada puntuación
Porcentaje por número respondido
Historial de tus puntuaciones
No has intentado esta prueba.